Airbus - Statistics

General Stats
  • This quiz has been taken 411 times
  • The average score is 10 of 10
Answer Stats
Airplanes Model Description Seats Max 1st Flight Production Ceased % Correct
Airbus A380 4 engines, double deck, twin aisle 555 853 2005-04-27 In Progress
100%
Airbus A320 2 engines, single aisle 150 180 1987-02-22 In Progress
99%
Airbus A340 4 engines, twin aisle 239-380 380-440 1991-10-25 2008-09 (A340-200) 2011-11-10 (all other variants, 377 built)
99%
Airbus A350 2 engines, twin aisle 270-350 550 2013-06-14 In Progress
99%
Airbus A330 2 engines, twin aisle 246-300 406-440 1992-11-02 In Progress
97%
Airbus A321 2 engines, single aisle, lengthened 6.94 m from A320 185 236 1993-03-11 In Progress
96%
Airbus A319 2 engines, single aisle, shortened 3.77 m from A320 124 156 1995-08-25 In Progress
94%
Airbus A310 2 engines, twin aisle, modified A300 187 279 1982-04-03 In Progress
93%
Airbus A300 2 engines, twin aisle 228-254 361 1972-10-28 2007-03-27 (561 built)
92%
Airbus A318 2 engines, single aisle, shortened 6.17 m from A320 107 132 2002-01-15 In Progress
91%
No matching quizzes found
Score Distribution
Percent of People with Each Score
Percentile by Number Answered
Your Score History
You have not taken this quiz